| 000 | 00402nam a22001457a 4500 | ||
|---|---|---|---|
| 999 |
_c4 _d4 |
||
| 008 | 190731b ||||| |||| 00| 0 eng d | ||
| 020 | _a9788186270011 | ||
| 100 | 1 | _aBanwait, S S | |
| 245 | 1 | 0 | _aProperties of refrigerant and psychrometric tables and charts in S I units |
| 250 | _a25th ed. | ||
| 260 |
_aDelhi _bBirla Publications Pvt. ltd. _c2019 |
||
| 300 | _a64p. | ||
| 700 | _aLaroiya, S C | ||
| 942 | _cBK | ||